| 000 | 00497nam a22001577a 4500 | ||
|---|---|---|---|
| 005 | 20251108170921.0 | ||
| 008 | 250721s1996 xx 000 0 ara d | ||
| 082 | 1 | 4 | _aط/752/اما |
| 100 | 1 | _aالجدع، امانة أحمد | |
| 245 | 1 | 0 |
_aكراس الضياء للتلوين : _bلون شخصيتك المحبوبة / |
| 264 | 1 |
_aعمان : _bدار الضياء للنشر والتوزيع، _c1996. |
|
| 300 | _a30ص | ||
| 650 | 1 | 7 | _aالتلوين |
| 942 |
_2ddc _cBK |
||
| 999 |
_c52075 _d52075 |
||